000 02580nam0a2200397 4500
001 RU\NLR\bibl\858599
005 20260405084741.0
010 _a5-7246-0314-4
_bв пер.
_91000
021 _aRU
_b2005-27846
_91401
035 _a(nilc)RSL-KNO-002602671
035 _a(NLR Aleph) 000847301
090 _a1457873
_c1457873
100 _a20050517d2004 |||y0rusy50 ca
101 0 _arus
102 _aRU
105 _aa |||||||||
106 _ar
200 1 _aОсновы трехмерной сейсморазведки
_dBasic 3D Seismic
_eучеб. пособие для студентов вузов, обучающихся по направлению 650200 - "Технология геол. разведки" и специальности 080400 - "Геофиз. методы поисков и разведки месторождений полез. ископаемых"
_fА.К. Урупов
_zeng
210 _aМ.
_cНефть и газ
_d2004
215 _a582 с.
_cил., табл.
_d25
300 _aАвт. также на англ. яз.: A.K. Urupov
320 _aБиблиогр.: с. 567-573
510 0 _6z33790
_aBasic 3D Seismic
606 1 _aСейсмические разведки трехмерные
_jРуководства, пособия и т.п.
_92040381
_3RU\NLR\auth\661224661
606 1 _aСейсморазведка трехмерная
_jУчебные издания для высших учебных заведений
_92620787
_3RU\NLR\auth\661557347
610 0 _aНауки о Земле (геодезические, геофизические, геологические и географические науки) -- Геологические науки -- Полезные ископаемые -- Геологическая разведка -- Методика и техника поисков и разведки -- Геофизические методы поисков и разведки -- Полевые геофизические методы поисков и разведки -- Сейсмические методы -- Учебник для высшей школы
686 _aД443.417я73-1
_2rubbk
686 _aД443.417я73
700 1 _4070
_8rus
_7ca
_aУрупов
_bА. К.
_gАдам Константинович
_3RU\NLR\auth\7730813
_913831
790 1 _4070
_8rus
_7ba
_aUrupov
_bA. K.
_gAdam Konstantinovič
_3RU\NLR\auth\7730895
_913913
801 0 _aRU
_bRuMoRKP
_c20050517
_grcr
801 1 _aRU
_bRuMoRGB
_c20050517
801 2 _aRU
_bNLR
_c20051021
_grcr
942 _cBOOK
980 _aNB